| 000 | 00869nam a2200229Ia 4500 | ||
|---|---|---|---|
| 005 | 20211108101453.0 | ||
| 008 | 130821s1972 sp gr spa | ||
| 040 |
_aCo-BoUCM _bspa _cLuz Cupitra (modificó) _dLuz Cupitra (modificó) |
||
| 041 | _aspa | ||
| 100 |
_aArteaga, Esteban de S.J. _985392 |
||
| 245 |
_aObra completa castellana; la belleza ideal Escritos menores _cEsteban de Arteaga; edición, prólogo y notas de Miguel Batllori |
||
| 250 | _a3a. ed. | ||
| 260 |
_aMadrid (España) _bEspasa-Calpe _c1972 |
||
| 300 | _a264 páginas | ||
| 490 | _aCl sicos castellanos; 122 | ||
| 505 | _rTercera edición, revisada y acrecida | ||
| 650 | 0 | 4 |
_aLiteratura española _97793 |
| 690 |
_aLiteratura europea _926524 |
||
| 650 | 0 | 4 |
_99195 _aAntropología Filosófica _xBelleza |
| 942 |
_cLIBRO _a18 _e3 _mA77 _2DEWEY _h860.4 |
||
| 999 |
_c12544 _d12544 |
||